00193nam a2200073Ia 4500008004100000082000800041100001400049245005600063240331s9999 xx 000 0 und d bTUN aTung, M.T 0aHunan vivasayi lyakkap pariseelanai pattiya arikkai